Ética judicial en Iberoamřica una aproximacin̤ desde la argumentacin̤ jurd̕ica /

Detalles Bibliográficos
Autor principal: Lp̤ez Sǹchez, Rogelio
Otros Autores: Leal Espinoza, Jos ̌Luis
Formato: eBook
Lenguaje:español
Publicado: Madrid: Dykinson, 2019
Materias:
Acceso en línea:Acceso restringido

MARC

LEADER 00000nam a22000007a 4500
005 20190829004927.0
007 cr|||| ||||
008 190829s2019 es |||||s|||| 00||0 spa d
020 |a 978-84-1324-283-5 
035 |a 24713 
040 |a vLex 
090 |c 9316  |d 9316 
100 1 |a Lp̤ez Sǹchez, Rogelio 
245 1 0 |a Ética judicial en Iberoamřica  |h [Recurso electrn̤ico] :  |b una aproximacin̤ desde la argumentacin̤ jurd̕ica /  |c Rogelio Lp̤ez Sǹchez, Jos ̌Luis Leal Espinoza 
256 |a Servicio en ln̕ea 
260 |a Madrid:  |b Dykinson,  |c 2019 
300 |a 1 recurso electrn̤ico 
500 |a La presente obra invita al lector a cuestionar y reflexionar de manera crt̕ica sobre la elevada funcin̤ que tienen los jueces en los Estados Constitucionales de Iberoamřica desde un enfoque de la argumentacin̤ jurd̕ica. En el libro se abordan temas relacionados con la ťica judicial de manera transversal, tales como la cortesa̕ judicial, la equidad y la responsabilidad social e institucional que tienen los jueces frente a la sociedad. El Cd̤igo Iberoamericano de Ética Judicial ha sido en la l︢tima dčada un punto de partida de mn̕imos para construir un mismo lenguaje en Iberoamřica sobre aquellos contenidos necesarios para que la judicatura recupere la credibilidad que ha perdido en los l︢timos aǫs ante la sociedad. En tal sentido, se propone redimensionar y reconfigurar los modelos den̤ticos bajo los cuales funciona en la actualidad, y adems̀, replantear los antiguos esquemas argumentativos a travš de los cuales la justicia constitucional dota de sentido a los valores constitucionales que son el punto de partida para la construccin̤ de los Estados Democrt̀icos modernos. 
506 1 |a Disponible solo en los productos indicados  |d vLex Global  |d vLex Global (Academic Edition, excluding Law Schools)  |d vLex Global (U.S. Academic Edition, Law Schools)  |d vLex Global (U.S. Academic Edition, excluding Law Schools)  |d vLex Global (Academic Edition, Law Schools) 
650 0 4 |a Derecho Militar  |z Espaą 
700 1 |a Leal Espinoza, Jos ̌Luis 
740 0 |a vLex Libros (Servicio en ln̕ea) 
856 4 0 |u http://vlex.com/source/etica-judicial-en-iberoamerica-una-aproximacion-desde-la-argumentacion-juridica-24713  |z Acceso restringido 
942 |c BOOK 
999 0 |a Military Law